| 000 | 00894nam a2200205 i 4500 | ||
|---|---|---|---|
| 001 | 153929 | ||
| 003 | ES-MaACL | ||
| 005 | 20230906205434.0 | ||
| 008 | 990119s1852 sp l |||| | spa d | ||
| 110 | 1 |
_aEspaña. _bMinisterio de Gobernación. _93872 |
|
| 245 | 1 | 0 |
_aReal Decreto orgánico de 18 de junio de 1852 regularizando el ingreso, ascensos y condiciones de los empleados de la Administración activa / _c[Ministerio de la Gobernación]. |
| 260 |
_a[S.l. : _bs.n., _c1852?] |
||
| 300 |
_a[10] h. ; _c21 cm. |
||
| 594 | _aMención de responsabilidad consta en la primera p. | ||
| 596 | _aEl Real Decreto esta fechado en 1852. | ||
| 597 | _aEjemplar mal guillotinado afectando a parte del texto. | ||
| 597 | _aTexto con notas marginales. | ||
| 650 | 0 | 4 |
_aFuncionarios- _xEstatuto jurídico- _zEspaña. _9164741 |
| 852 |
_aES-MaACL _jG-14085(7) _z- Enc. hol. _z.- Legado Charro Hidalgo |
||
| 999 |
_c153929 _d153929 |
||